000
00239nam a22000857a 4500
008
160812b xxu||||| |||| 00| 0 eng d
100
_9
126
_a
Keith, S., et al
245
_a
Frank Social Sciences - 7
260
_a
New Delhi
_b
Frank publication
_c
2005
999
_c
2781
_d
2781